Labor laws of the state of California, 1927. (Record no. 35885)

MARC details
000 -LEADER
fixed length control field 00807cam a22002291 4500
001 - CONTROL NUMBER
control field l 27000440
003 - CONTROL NUMBER IDENTIFIER
control field DLC
005 - DATE AND TIME OF LATEST TRANSACTION
control field 20260227111531.0
008 - FIXED-LENGTH DATA ELEMENTS--GENERAL INFORMATION
fixed length control field 850318s1927 cau s000 0 eng c
010 ## - LIBRARY OF CONGRESS CONTROL NUMBER
LC control number l 27000440
035 ## - SYSTEM CONTROL NUMBER
System control number (OCoLC)11816177
040 ## - CATALOGING SOURCE
Original cataloging agency Library, U.S. Dept. of Labor
Transcribing agency NhD
Modifying agency DLC
042 ## - AUTHENTICATION CODE
Authentication code premarc
050 00 - LIBRARY OF CONGRESS CALL NUMBER
Classification number HD7835.C2
Item number A4 1927
110 1# - MAIN ENTRY--CORPORATE NAME
Corporate name or jurisdiction name as entry element California.
240 00 - UNIFORM TITLE
Uniform title Laws, etc.
245 10 - TITLE STATEMENT
Title Labor laws of the state of California, 1927.
Statement of responsibility, etc. Walter G. Mathewson, chief, Division of labor statistics and law enforcement, Department of industrial relations.
260 ## - PUBLICATION, DISTRIBUTION, ETC.
Place of publication, distribution, etc. [Sacramento,
Name of publisher, distributor, etc. California State Printing Office,
Date of publication, distribution, etc. 1927]
300 ## - PHYSICAL DESCRIPTION
Extent 350 p.
Dimensions 17 cm.
650 #0 - SUBJECT ADDED ENTRY--TOPICAL TERM
Topical term or geographic name entry element Labor laws and legislation
Geographic subdivision California.
710 1# - ADDED ENTRY--CORPORATE NAME
Corporate name or jurisdiction name as entry element California.
Subordinate unit Department of Industrial Relations.

No items available.

Powered by Koha